000 00650nam a2200145Ia 4500
008 090124s9999 xx 000 0 und d
082 _b33692
245 _a पुढाकार घ्या. प्रभावी व्यक्तिमत्वाचे सूत्र
250 _a1
260 _bपरळीकर संजीव
_c2006
300 _a272
630 _a पुढाकार घ्या. प्रभावी व्यक्तिमत्वाचे सूत्र
730 _a पुढाकार घ्या. प्रभावी व्यक्तिमत्वाचे सूत्र
942 _cBOOK
999 _c181430
_d181430